Name the Constellations by their objects - Statistics

General Stats
  • This quiz has been taken 11 times
  • The average score is 15 of 24
Answer Stats
Hint Answer % Correct
Canopus carina/puppis
90%
Triangulum galaxy triangulum
90%
alphard hydra
80%
Alpha microscopii microscopium
80%
Daytime Sextantids sextans
80%
Alpha virginis virgo
80%
Mimosa crux
70%
Thuban draco
70%
Achernar eridanus
70%
Denebola leo
70%
peacock pavo
70%
Puppids - Velids II complex puppis/vela
70%
Sadr cygnus
60%
Rotten egg nebula puppis
60%
Suhail al muhlif puppis
60%
Crab nebula taurus
60%
Muscida ursa major
60%
Quadrantids bootes
50%
head of hydrus hydrus
50%
Volantids volans
50%
Rosette nebula monoceros
40%
Tarantula nebula dorado
30%
Large Magellenic Cloud dorado/mensa
30%
Tiaki grus
30%
No matching quizzes found
Score Distribution
Percent of People with Each Score
Percentile by Number Answered
Your Score History
You have not taken this quiz